000
00292nam a2200121Ia 4500
008
190216s9999||||xx |||||||||||||| ||und||
100
_a
Vidyaniwas Mishra
245
0
_a
Hindi-Rahiman Panee Rakhiye
260
_b
Parambara Publication
_c
2007
300
_a
198
650
_a
Hindi
942
_c
BK
999
_c
16424
_d
16424